| 000 | 01081nam0a22003131 4500 | ||
|---|---|---|---|
| 001 | RU\NLR\INFOCOMM_161\5000048899 | ||
| 005 | 20250613091953.0 | ||
| 035 | _a(NLR Aleph) 009138129 | ||
| 090 |
_a8318998 _c8318998 |
||
| 100 | _a20090919d1976 |||y0rusy50 ca | ||
| 101 | 0 | _aeng | |
| 102 | _aRU | ||
| 105 | _aa ||||000|y | ||
| 200 | 1 |
_aDynamics of heavy spherically-symmetric pulsons _fI. L. Bogolubsky, V. G. Makhankov |
|
| 210 |
_aДубна _d1976 |
||
| 215 |
_a8 с. _cграфик. _d22 см |
||
| 225 | 1 |
_a[Издания] _f[Объедин. ин-т ядерных исследований] _vЕ2-10223 |
|
| 320 | _aБиблиогр.: с. 8 | ||
| 606 |
_aПульсоны _xДинамика _2nlr_sh1 |
||
| 686 |
_aВ3152 _2rubbk |
||
| 700 | 1 |
_9z03790 _aBogoljubskij _bI. L. _gIgor' L'vovič _4070 |
|
| 701 | 1 |
_9z04790 _aMachan'kov _bV. G. _gVladimir Grigor'evič _4070 |
|
| 790 | 1 |
_9z03700 _aBogolubsky _bI. L. _4070 |
|
| 790 | 1 |
_9z04701 _aMakhankov _bV. G. _4070 |
|
| 801 | 1 |
_aRU _bNLR _c20090919 |
|
| 801 | 0 |
_aRU _bNLR _gPSBO |
|
| 852 |
_aNLR _jП11/2061 |
||
| 942 | _cBOOK | ||
| 980 | _aNB | ||